00956nam a2200217 a 4500003000200000005001700002008004100019050003500060100002800095245009300123260009200216300004000308504004100348650004100389650004800430650005100478650004300529942001400572999001700586952013500603020250319135507.0060802s19uu xx 00 eng d aPGS TD 427.N5.W38b.So714 2006 aSoriano, Donn Miguel M. aEffects of nitrate compounds on water lily (Nympaea stallata) /cDonn Miguel M. Soriano. aLas Piñas City, Philippines : bSouthville International School and Colleges,c2006. a17 pages :billustrations ;c28 cm. aIncludes bibliographical references. aWater liliesvEffect of nitrates on. aNitrate pollution vEnvironmental aspects.  aAquatic plants vEffect of water pollution on. aWater quality vEffect of nitrates on. 2lcccPASS c97550d97550 00102lcc40aLUXbLUXcPASSd2006-07-24eDONATIONl0oPGS TD 427.N5.W38 .So714 2006pP1593r2014-04-08 00:00:00w2014-04-08yPASS